Неразрушающий контроль: сборник научных трудов I Региональной научно-практической конференции студентов, аспирантов и молодых ученых, г. Томск, 23-27 мая 2011 г.
| Korporace: | , |
|---|---|
| Shrnutí: | Часть докл. на англ. яз. В сборнике представлен широкий круг исследований аспирантов, студентов и молодых учёных Томска и других городов России. Сборник посвящен теоретическим и практическим аспектам неразрушающего контроля. |
| Jazyk: | ruština angličtina |
| Vydáno: |
Томск, Изд-во ТПУ, 2011
|
| Témata: | |
| Médium: | MixedMaterials Kniha |
| KOHA link: | https://koha.lib.tpu.ru/cgi-bin/koha/opac-detail.pl?biblionumber=229789 |
MARC
| LEADER | 00000nam0a2200000 4500 | ||
|---|---|---|---|
| 001 | 229789 | ||
| 005 | 20231101230950.0 | ||
| 035 | |a (RuTPU)RU\TPU\book\250434 | ||
| 035 | |a RU\TPU\book\250353 | ||
| 090 | |a 229789 | ||
| 100 | |a 20130115d2011 k y0rusy50 ca | ||
| 101 | 0 | |a rus |a eng | |
| 102 | |a RU | ||
| 105 | |a a z 101zy | ||
| 200 | 1 | |a Неразрушающий контроль |e сборник научных трудов I Региональной научно-практической конференции студентов, аспирантов и молодых ученых, г. Томск, 23-27 мая 2011 г. |f Национальный исследовательский Томский политехнический университет (ТПУ) | |
| 210 | |a Томск |c Изд-во ТПУ |d 2011 | ||
| 215 | |a 161 с. |c ил. | ||
| 300 | |a Часть докл. на англ. яз. | ||
| 320 | |a Библиография в конце статей | ||
| 330 | |a В сборнике представлен широкий круг исследований аспирантов, студентов и молодых учёных Томска и других городов России. Сборник посвящен теоретическим и практическим аспектам неразрушающего контроля. | ||
| 606 | 1 | |a Неразрушающий контроль |2 stltpush |3 (RuTPU)RU\TPU\subj\66931 |9 82903 | |
| 610 | 1 | |a технологии | |
| 610 | 1 | |a диагностика | |
| 610 | 1 | |a электронные устройства | |
| 610 | 1 | |a измерительная техника | |
| 610 | 1 | |a сварка | |
| 610 | 1 | |a сварочные технологии | |
| 610 | 1 | |a экология | |
| 610 | 1 | |a промышленная безопасность | |
| 610 | 1 | |a медицинские электронные системы | |
| 610 | 1 | |a космическое приборостроение | |
| 610 | 1 | |a организации | |
| 610 | 1 | |a системы управления | |
| 610 | 1 | |a конференции | |
| 610 | 1 | |a труды учёных ТПУ | |
| 675 | |a 620.179.1(063) |v 3 | ||
| 712 | 0 | 2 | |a Национальный исследовательский Томский политехнический университет (ТПУ) |c (2009- ) |2 stltpush |3 (RuTPU)RU\TPU\col\15902 |
| 712 | 1 | 2 | |a Неразрушающий контроль: электронное приборостроение, технологии, безопасность |b конференция |d 1 |e Томск |f 2011 |
| 801 | 1 | |a RU |b 63413507 |c 20130115 | |
| 801 | 2 | |a RU |b 63413507 |c 20211026 |g RCR | |
| 942 | |c BK | ||